|
|
|
|
| LEADER |
02071nam a22005175i 4500 |
| 001 |
978-1-908517-43-2 |
| 003 |
DE-He213 |
| 005 |
20151204160305.0 |
| 007 |
cr nn 008mamaa |
| 008 |
120831s2011 xxk| s |||| 0|eng d |
| 020 |
|
|
|a 9781908517432
|9 978-1-908517-43-2
|
| 024 |
7 |
|
|a 10.1007/978-1-908517-43-2
|2 doi
|
| 040 |
|
|
|d GrThAP
|
| 050 |
|
4 |
|a RD78.3-87.3
|
| 072 |
|
7 |
|a MMB
|2 bicssc
|
| 072 |
|
7 |
|a MED006000
|2 bisacsh
|
| 082 |
0 |
4 |
|a 617.96
|2 23
|
| 100 |
1 |
|
|a Jensen, Mark P.
|e author.
|
| 245 |
1 |
4 |
|a The pain stethoscope: A clinician’s guide to measuring pain
|h [electronic resource] /
|c by Mark P Jensen.
|
| 264 |
|
1 |
|a Tarporley :
|b Springer Healthcare Ltd. :
|b Imprint: Springer Healthcare,
|c 2011.
|
| 300 |
|
|
|a IX, 53 p.
|b online resource.
|
| 336 |
|
|
|a text
|b txt
|2 rdacontent
|
| 337 |
|
|
|a computer
|b c
|2 rdamedia
|
| 338 |
|
|
|a online resource
|b cr
|2 rdacarrier
|
| 347 |
|
|
|a text file
|b PDF
|2 rda
|
| 505 |
0 |
|
|a 1. Introduction -- 2. Measuring Pain Intensity -- 3. Measuring Pain Quality -- 4. Measuring Pain Location -- 5. Measuring pain behavior -- 6. Measuring pain interference -- 7. Measuring sleep quality -- 8. Measuring depression -- 9. Measuring general physical functioning -- 10. Measuring alcohol and drug use -- 11. Measuring global improvement and satisfaction with pain care -- 12. References.
|
| 520 |
|
|
|a n/a.
|
| 650 |
|
0 |
|a Medicine.
|
| 650 |
|
0 |
|a Anesthesiology.
|
| 650 |
|
0 |
|a General practice (Medicine).
|
| 650 |
|
0 |
|a Neurology.
|
| 650 |
|
0 |
|a Pain medicine.
|
| 650 |
|
0 |
|a Primary care (Medicine).
|
| 650 |
1 |
4 |
|a Medicine & Public Health.
|
| 650 |
2 |
4 |
|a Anesthesiology.
|
| 650 |
2 |
4 |
|a General Practice / Family Medicine.
|
| 650 |
2 |
4 |
|a Neurology.
|
| 650 |
2 |
4 |
|a Medicine/Public Health, general.
|
| 650 |
2 |
4 |
|a Primary Care Medicine.
|
| 650 |
2 |
4 |
|a Pain Medicine.
|
| 710 |
2 |
|
|a SpringerLink (Online service)
|
| 773 |
0 |
|
|t Springer eBooks
|
| 776 |
0 |
8 |
|i Printed edition:
|z 9781907673221
|
| 856 |
4 |
0 |
|u http://dx.doi.org/10.1007/978-1-908517-43-2
|z Full Text via HEAL-Link
|
| 912 |
|
|
|a ZDB-2-SME
|
| 950 |
|
|
|a Medicine (Springer-11650)
|